The earth through time

Αποθηκεύτηκε σε:
Λεπτομέρειες βιβλιογραφικής εγγραφής
Κύριος συγγραφέας: Levin, Harold L. (Harold Leonard) 1929-
Μορφή: Βιβλίο
Γλώσσα:English
Δημοσίευση: Hoboken, N.J. : J. Wiley, 2006
Έκδοση:8th ed.
Θέματα:
Ετικέτες: Προσθήκη ετικέτας
Δεν υπάρχουν, Καταχωρήστε ετικέτα πρώτοι!

MARC

LEADER 00000nam a2200000 i 4500
001 1/73497
008 080206s2006 eng d
020 |a 978-0471-69743-5 
020 |a 0-471=69743-5 
035 |l 10094400 
040 |a GR-MY-UA  |b gre  |e aacr 
041 0 |a eng 
082 0 |a 551.7  |2 (22) 
100 1 |a Levin, Harold L.  |q (Harold Leonard)  |d 1929- 
245 1 4 |a The earth through time /  |c Harold L. Levin 
250 |a 8th ed. 
260 |a Hoboken, N.J. :   |b J. Wiley,   |c 2006 
300 |a ποικίλες σελιδαριθμήσεις;  |b εικ. (μερ. έγχρ.), έγχρ. χάρτες;  |c 28 εκ. 
504 |a Περιέχει βιβλιογραφικές παραπομπές και ευρετήριο 
650 0 0 |a Historical geology  |x Textbooks. 
852 |a INST  |b LESVOS  |e 20080206  |h 551.7 LEV  |p 005100040249  |q 005100040249  |t BK  |y 0 
901 |a BIBL1-2008-1 
909 |a Λ  |b 145244 
922 |a 1ΕΛΗ  |b 200801  |c ΕΠΕΑΕΚ2/ΤΓ  |d ΕΛΕΥΘΕΡΟΥΔΑΚΗΣ 
970 |a ΚΑΡΑ  |b ΓΙΑΣΕΜΗ  |z 2008/02/06